<?xml version="1.0" encoding="UTF-8"?>
<record
    xmlns:xsi="http://www.w3.org/2001/XMLSchema-instance"
    xsi:schemaLocation="http://www.loc.gov/MARC21/slim http://www.loc.gov/standards/marcxml/schema/MARC21slim.xsd"
    xmlns="http://www.loc.gov/MARC21/slim">

  <leader>00692ncm a2200229 a 4500</leader>
  <controlfield tag="001">C00017315c</controlfield>
  <controlfield tag="005">20241029143602.0</controlfield>
  <controlfield tag="008">960318s1891    gw sua         n 1  ger d</controlfield>
  <datafield tag="080" ind1=" " ind2=" ">
    <subfield code="a">786.2.083.1</subfield>
  </datafield>
  <datafield tag="100" ind1="1" ind2=" ">
    <subfield code="a">Macdowell, Edward (</subfield>
    <subfield code="d">1860-1908)</subfield>
    <subfield code="9">10154</subfield>
  </datafield>
  <datafield tag="245" ind1="1" ind2="0">
    <subfield code="a">Erste moderne suite, op. 10 / </subfield>
    <subfield code="c">Edward Mac Dowell.</subfield>
  </datafield>
  <datafield tag="254" ind1=" " ind2=" ">
    <subfield code="a">[Partitur].</subfield>
  </datafield>
  <datafield tag="260" ind1=" " ind2=" ">
    <subfield code="a">Leipzig : </subfield>
    <subfield code="b">Breitkopf &amp; H&#xE4;rtel, </subfield>
    <subfield code="c">cop. 1891.</subfield>
  </datafield>
  <datafield tag="300" ind1=" " ind2=" ">
    <subfield code="a">Partitura (33 p.) ; </subfield>
    <subfield code="c">37 cm.</subfield>
  </datafield>
  <datafield tag="500" ind1=" " ind2=" ">
    <subfield code="a">N. pl. : 16205.</subfield>
  </datafield>
  <datafield tag="500" ind1=" " ind2=" ">
    <subfield code="a">Legado Leopoldo Querol.</subfield>
  </datafield>
  <datafield tag="500" ind1=" " ind2=" ">
    <subfield code="a">Dedicatoria de E. L&#xF3;pez Ch&#xE1;varri a Leopoldo Querol.</subfield>
  </datafield>
  <datafield tag="650" ind1="0" ind2="4">
    <subfield code="a">Suites (Piano)</subfield>
    <subfield code="9">11755</subfield>
  </datafield>
  <datafield tag="852" ind1=" " ind2=" ">
    <subfield code="j">LQ-919</subfield>
  </datafield>
  <datafield tag="952" ind1=" " ind2=" ">
    <subfield code="0">0</subfield>
    <subfield code="1">0</subfield>
    <subfield code="4">0</subfield>
    <subfield code="7">0</subfield>
    <subfield code="8">NOR</subfield>
    <subfield code="a">RABASF</subfield>
    <subfield code="b">RABASF</subfield>
    <subfield code="c">DP1</subfield>
    <subfield code="d">1996-03-20</subfield>
    <subfield code="e">D</subfield>
    <subfield code="l">0</subfield>
    <subfield code="o">LQ-919</subfield>
    <subfield code="p">1018559</subfield>
    <subfield code="r">2024-10-15 09:14:18</subfield>
    <subfield code="w">2024-10-15</subfield>
    <subfield code="y">PARTA</subfield>
  </datafield>
  <datafield tag="999" ind1=" " ind2=" ">
    <subfield code="c">16974</subfield>
    <subfield code="d">16974</subfield>
  </datafield>
</record>
